000 00271nam a2200085Ia 4500
245 0 _aSaviours and survivors : Darfur, politics and the war on terror
100 _a Mamdani, Mahmood, Cape Town, 2009
_931892
942 _cBK
008 210817s9999 xx 000 0 und d
999 _c117797
_d117794